[Event "IND-chT (Women) 21st"]
[Site "Dharamshala"]
[Date "2024.04.03"]
[Round "6.2"]
[White "Velpula, Sarayu"]
[Black "Marium, Fatima"]
[Result "1-0"]
[WhiteElo "2389"]
[BlackElo "1903"]
[PlyCount "53"]
[EventDate "2024.03.29"]
[EventType "team-swiss"]
[EventRounds "7"]
[EventCountry "IND"]
[SourceTitle "CB15_2024"]
[SourceDate "2024.04.10"]
[SourceVersion "1"]
[SourceVersionDate "2024.04.10"]
[SourceQuality "1"]
[WhiteTeam "Telangana (W)"]
[BlackTeam "Bihar (W) II"]
[WhiteTeamCountry "IND"]
[BlackTeamCountry "IND"]

1. e4 e6 2. d4 d5 3. Nc3 Nf6 4. e5 Nfd7 5. f4 c5 6. Nf3 Nc6 7. Be3 Be7 8. Qd2 a6 9. dxc5 Nxc5 10. 0-0-0 b5 11. Qf2 Nd7 12. Qg3 g6 13. h4 Qa5 14. Kb1 h5 15. Bd3 Bb7 16. Qh3 Rc8 17. Nxd5 exd5 18. e6 Nf6 19. exf7+ Kf8 20. Bxg6 Ne4 21. Nd4 Nd8 22. Qd7 Nd6 23. Qe8+ Kg7 24. Qxe7 Kxg6 25. f5+ Nxf5 26. Qg5+ Kxf7 27. Qxf5+ 1-0

[Event "IND-chT (Women) 21st"]
[Site "Dharamshala"]
[Date "2024.03.30"]
[Round "2.2"]
[White "Velpula, Sarayu"]
[Black "Adyasha, Pattnaik"]
[Result "1-0"]
[WhiteElo "2389"]
[BlackElo "1654"]
[PlyCount "59"]
[EventDate "2024.03.29"]
[EventType "team-swiss"]
[EventRounds "7"]
[EventCountry "IND"]
[SourceTitle "CB15_2024"]
[SourceDate "2024.04.10"]
[SourceVersion "1"]
[SourceVersionDate "2024.04.10"]
[SourceQuality "1"]
[WhiteTeam "Telangana (W)"]
[BlackTeam "Odisha (W)"]
[WhiteTeamCountry "IND"]
[BlackTeamCountry "IND"]

1. e4 d5 2. exd5 Qxd5 3. Nc3 Qd8 4. d4 Nf6 5. Nf3 Bg4 6. Be2 e6 7. 0-0 c6 8. Bf4 Bd6 9. Ne5 Bxe2 10. Qxe2 0-0 11. Bg3 Bc7 12. Rad1 Nbd7 13. f4 Nd5 14. Ne4 h6 15. Kh1 Qe7 16. c4 N5b6 17. Qe1 Bd8 18. b3 Rc8 19. c5 Nd5 20. Nd6 Rb8 21. f5 Nxe5 22. dxe5 exf5 23. Nxf5 Qxc5 24. e6 Ra8 25. Bd6 Qb6 26. exf7+ Kh8 27. Bxf8 Bf6 28. Bxg7+ Bxg7 29. Qe8+ Rxe8 30. fxe8Q+ 1-0

[Event "Chennai AICF (Women)"]
[Site "Chennai"]
[Date "2024.03.23"]
[Round "8"]
[White "Velpula, Sarayu"]
[Black "Monnisha, GK."]
[Result "1-0"]
[WhiteElo "2389"]
[BlackElo "2202"]
[PlyCount "63"]
[EventDate "2024.03.18"]
[EventType "tourn"]
[EventRounds "11"]
[EventCountry "IND"]
[SourceTitle "CB13_2024"]
[SourceDate "2024.03.27"]
[SourceVersion "1"]
[SourceVersionDate "2024.03.27"]
[SourceQuality "1"]

1. e4 e5 2. Nf3 Nc6 3. Bb5 a6 4. Ba4 Nf6 5. 0-0 b5 6. Bb3 Bb7 7. Re1 Bc5 8. c3 d6 9. d4 Bb6 10. a4 h6 11. Be3 0-0 12. d5 Ne7 13. Bxb6 cxb6 14. axb5 axb5 15. Na3 Qd7 16. Bc2 Ng6 17. g3 Qg4 18. Nd2 Qh3 19. Qf3 Ba6 20. Bd3 b4 21. Bxa6 Rxa6 22. cxb4 Ra4 23. b3 Rxb4 24. Nc2 Rb5 25. b4 Rc8 26. Ra2 Rc3 27. Qxc3 Nh4 28. Ne3 Nxe4 29. Qd3 f5 30. gxh4 Rxb4 31. Nxe4 Rxe4 32. Qf1 1-0

[Event "Chennai AICF (Women)"]
[Site "Chennai"]
[Date "2024.03.20"]
[Round "4"]
[White "Velpula, Sarayu"]
[Black "Sedina, Elena"]
[Result "1/2-1/2"]
[WhiteElo "2389"]
[BlackElo "2161"]
[PlyCount "53"]
[EventDate "2024.03.18"]
[EventType "tourn"]
[EventRounds "11"]
[EventCountry "IND"]
[SourceTitle "CB13_2024"]
[SourceDate "2024.03.27"]
[SourceVersion "1"]
[SourceVersionDate "2024.03.27"]
[SourceQuality "1"]

1. e4 e6 2. d4 d5 3. Nc3 Nf6 4. e5 Nfd7 5. f4 c5 6. Nf3 Nc6 7. Be3 Be7 8. Qd2 0-0 9. dxc5 Bxc5 10. Bxc5 Nxc5 11. 0-0-0 Qb6 12. Nd4 Rd8 13. Qe3 Ne4 14. Nxe4 dxe4 15. c3 Nxd4 16. Rxd4 Rxd4 17. Qxd4 Qxd4 18. cxd4 Bd7 19. Kd2 Rc8 20. Be2 f5 21. g4 g6 22. Rg1 Kf7 23. h4 Bc6 24. Rc1 Bd7 25. Rg1 Bc6 26. Rc1 Bd7 27. Rg1 1/2-1/2

[Event "Pozarevac Rudar GM 02"]
[Site "Pozarevac"]
[Date "2024.02.08"]
[Round "1"]
[White "Velpula, Sarayu"]
[Black "Volkov, Dmitriy"]
[Result "1-0"]
[WhiteElo "2444"]
[BlackElo "2268"]
[PlyCount "83"]
[EventDate "2024.02.08"]
[EventType "tourn"]
[EventRounds "9"]
[EventCountry "SRB"]
[EventCategory "7"]
[SourceTitle "CB08_2024"]
[SourceDate "2024.02.21"]
[SourceVersion "1"]
[SourceVersionDate "2024.02.21"]
[SourceQuality "1"]

1. e4 c5 2. Nf3 Nc6 3. d4 cxd4 4. Nxd4 Nf6 5. Nc3 e5 6. Ndb5 d6 7. Nd5 Nxd5 8. exd5 Nb8 9. c4 a6 10. Qa4 Nd7 11. c5 dxc5 12. d6 axb5 13. Qxa8 Bxd6 14. Bxb5 0-0 15. 0-0 Qc7 16. Qa4 Nb6 17. Qc2 Be6 18. Bd2 Qe7 19. Rfe1 Rc8 20. Bc3 Qg5 21. Qd2 Qxd2 22. Bxd2 Bc4 23. Bxc4 Nxc4 24. Bc3 f6 25. Rac1 Kf7 26. b3 Nb6 27. Rcd1 Rc6 28. g3 Ke6 29. f4 c4 30. Bd4 c3 31. fxe5 fxe5 32. Bxb6 Rxb6 33. Kg2 Rc6 34. Re2 Bc5 35. Kf3 Bd4 36. Ke4 Rd6 37. Kd3 Ra6 38. a4 Kd5 39. Rf1 Rb6 40. Kc2 e4 41. Rf8 Bf6 42. Rc8 1-0

[Event "Pozarevac Rudar GM 01"]
[Site "Pozarevac"]
[Date "2024.01.28"]
[Round "7.1"]
[White "Psyk, Radoslaw"]
[Black "Velpula, Sarayu"]
[Result "1/2-1/2"]
[WhiteElo "2461"]
[BlackElo "2444"]
[PlyCount "119"]
[EventDate "2024.01.24"]
[EventType "tourn"]
[EventRounds "9"]
[EventCountry "SRB"]
[SourceTitle "CB06_2024"]
[SourceDate "2024.02.07"]
[SourceVersion "1"]
[SourceVersionDate "2024.02.07"]
[SourceQuality "1"]
[WhiteTeam "Team C"]
[BlackTeam "Team D"]
[WhiteTeamCountry "SRB"]
[BlackTeamCountry "SRB"]

1. e4 c5 2. Nf3 d6 3. Bb5+ Nd7 4. 0-0 a6 5. Be2 Ngf6 6. d3 g6 7. c4 Bg7 8. Nc3 e5 9. a3 0-0 10. b4 Ne8 11. Rb1 b6 12. bxc5 dxc5 13. Nd5 Nd6 14. Bd2 Rb8 15. Bc3 Bb7 16. Rb3 Bxd5 17. exd5 b5 18. Qa1 Re8 19. Nd2 f5 20. Rbb1 a5 21. Bd1 b4 22. Bb2 Bh6 23. Bc1 e4 24. dxe4 fxe4 25. Bg4 Nf5 26. axb4 axb4 27. Nb3 Bg7 28. Qa2 Be5 29. Qe2 Qc7 30. g3 Nf6 31. Bxf5 gxf5 32. Be3 Bd6 33. Ra1 Ra8 34. Kg2 Ng4 35. Ra2 Rxa2 36. Qxa2 f4 37. gxf4 Bxf4 38. Qe2 Qg7 39. Kh1 Bxh2 40. Nxc5 Qg6 41. Ne6 h6 42. f3 exf3 43. Qxf3 Be5 44. Bf4 Qh5+ 45. Kg2 Bxf4 46. Qxf4 Ra8 47. Kg1 Ne5 48. Qg3+ Qg6 49. Qxg6+ Nxg6 50. d6 Nf8 51. Nxf8 Rxf8 52. Rb1 Kf7 53. Rxb4 Ke6 54. c5 Kd5 55. Rb5 Ra8 56. d7 Kc6 57. Ra5 Rg8+ 58. Kh2 Kxd7 59. c6+ Kxc6 60. Ra6+ 1/2-1/2

[Event "Pozarevac Rudar GM 01"]
[Site "Pozarevac"]
[Date "2024.01.24"]
[Round "1.2"]
[White "Velpula, Sarayu"]
[Black "Akbas, Umut Ata"]
[Result "0-1"]
[WhiteElo "2444"]
[BlackElo "2438"]
[PlyCount "70"]
[EventDate "2024.01.24"]
[EventType "tourn"]
[EventRounds "9"]
[EventCountry "SRB"]
[SourceTitle "CB06_2024"]
[SourceDate "2024.02.07"]
[SourceVersion "1"]
[SourceVersionDate "2024.02.07"]
[SourceQuality "1"]
[WhiteTeam "Team D"]
[BlackTeam "Team C"]
[WhiteTeamCountry "SRB"]
[BlackTeamCountry "SRB"]

1. e4 c5 2. Nf3 d6 3. d4 cxd4 4. Nxd4 Nf6 5. Nc3 a6 6. Bg5 Nbd7 7. Bc4 Qb6 8. Bb3 e6 9. Bxf6 Nxf6 10. Qd2 Nd7 11. 0-0-0 Nc5 12. f4 Bd7 13. Kb1 0-0-0 14. f5 Kb8 15. Rhf1 Be7 16. fxe6 fxe6 17. Qe3 Bf6 18. Nf3 Bc6 19. e5 Bxf3 20. exf6 Bxd1 21. fxg7 Rhg8 22. Rxd1 Rxg7 23. Bxe6 Re8 24. Qd4 Rxg2 25. Bf5 Rxh2 26. b4 Re5 27. Bg4 Rh4 28. Ka1 Nd7 29. Qc4 Nf6 30. Qc8+ Ka7 31. Na4 Qxb4 32. Rb1 Re1 33. Bd1 Rxd1 34. Rxd1 Qxa4 35. Qc7 Rc4 0-1

[Event "Wch Blitz (Women)"]
[Site "Samarkand"]
[Date "2023.12.29"]
[Round "5"]
[White "Velpula, Sarayu"]
[Black "Tan, Zhongyi"]
[Result "1-0"]
[WhiteElo "2444"]
[BlackElo "2521"]
[PlyCount "87"]
[EventDate "2023.12.29"]
[EventType "swiss (blitz)"]
[EventRounds "17"]
[EventCountry "UZB"]
[SourceTitle "CB01_2024"]
[SourceDate "2024.01.03"]
[SourceVersion "1"]
[SourceVersionDate "2024.01.03"]
[SourceQuality "1"]

1. e4 d6 2. d4 Nf6 3. Nc3 g6 4. Bf4 a6 5. Qd2 b5 6. a3 Bb7 7. Bd3 Nbd7 8. Nf3 c5 9. d5 c4 10. Be2 Nc5 11. e5 dxe5 12. Bxe5 Bg7 13. 0-0-0 0-0 14. Qe3 Ng4 15. Qxc5 Nxe5 16. Nxe5 Bxe5 17. Qe3 Qc7 18. g3 Rfd8 19. Bf3 Rab8 20. h4 Bf6 21. Rhe1 Bc8 22. Ne4 Bg7 23. h5 Bf5 24. hxg6 hxg6 25. c3 b4 26. axb4 a5 27. Qc5 Qd7 28. d6 exd6 29. Rxd6 Qa4 30. Rxd8+ Rxd8 31. Kb1 axb4 32. Qxb4 Qa6 33. g4 Bxe4+ 34. Bxe4 Bf6 35. f3 Kg7 36. Kc2 Qe6 37. Rd1 Rh8 38. Rd6 Qe5 39. Qb6 Rh2+ 40. Kb1 Qf4 41. Qc6 Be5 42. Rd7 Qe3 43. Qxg6+ Kh8 44. Rd8# 1-0

[Event "Wch Blitz (Women)"]
[Site "Samarkand"]
[Date "2023.12.29"]
[Round "1"]
[White "Velpula, Sarayu"]
[Black "Yakubbaeva, Nilufar"]
[Result "1-0"]
[WhiteElo "2444"]
[BlackElo "2307"]
[PlyCount "123"]
[EventDate "2023.12.29"]
[EventType "swiss (blitz)"]
[EventRounds "17"]
[EventCountry "UZB"]
[SourceTitle "CB01_2024"]
[SourceDate "2024.01.03"]
[SourceVersion "1"]
[SourceVersionDate "2024.01.03"]
[SourceQuality "1"]

1. e4 c6 2. d4 d5 3. e5 Bf5 4. h4 h5 5. Bd3 Bxd3 6. Qxd3 e6 7. Nf3 c5 8. Bg5 Qb6 9. c4 dxc4 10. Qxc4 Nc6 11. dxc5 Bxc5 12. 0-0 Nge7 13. Nc3 Qb4 14. Qxb4 Bxb4 15. Ne4 0-0 16. a3 Ba5 17. Nc5 Bb6 18. Nxb7 Ng6 19. Rfe1 Kh7 20. Nd6 f6 21. exf6 gxf6 22. Be3 Bc7 23. Rac1 Bxd6 24. Rxc6 Rfd8 25. g3 Ne7 26. Rc2 Nf5 27. Nd4 Nxd4 28. Bxd4 e5 29. Bc3 Bc5 30. Bxe5 Bxf2+ 31. Rxf2 fxe5 32. Rxe5 Rd3 33. Rxh5+ Kg6 34. Rg5+ Kh6 35. Rf6+ Kh7 36. Rf2 Re8 37. Kg2 a6 38. Rgf5 Ree3 39. R5f3 Rxf3 40. Rxf3 Rd2+ 41. Rf2 Rd3 42. Kh3 Kg6 43. Kg4 Rd4+ 44. Rf4 Rd2 45. Rb4 Rd6 46. h5+ Kh6 47. Kh4 a5 48. Rb5 Rd2 49. Rb6+ Kg7 50. g4 Rh2+ 51. Kg5 Rd2 52. Rb7+ Kf8 53. h6 Rd5+ 54. Kg6 Rd6+ 55. Kh5 Kg8 56. g5 a4 57. Rb4 Ra6 58. Rb5 Kh8 59. g6 Ra8 60. Rf5 Kg8 61. h7+ Kh8 62. Kh6 1-0

[Event "Wch Rapid (Women)"]
[Site "Samarkand"]
[Date "2023.12.26"]
[Round "2"]
[White "Velpula, Sarayu"]
[Black "Kovanova, Baira"]
[Result "1-0"]
[WhiteElo "2444"]
[BlackElo "2337"]
[PlyCount "113"]
[EventDate "2023.12.26"]
[EventType "swiss (rapid)"]
[EventRounds "11"]
[EventCountry "UZB"]
[SourceTitle "CB01_2024"]
[SourceDate "2024.01.03"]
[SourceVersion "1"]
[SourceVersionDate "2024.01.03"]
[SourceQuality "1"]

1. e4 c5 2. Nf3 Nc6 3. d4 cxd4 4. Nxd4 e6 5. Nc3 d6 6. Be3 a6 7. Be2 Qc7 8. 0-0 Nf6 9. f4 Be7 10. Kh1 0-0 11. Qd2 Bd7 12. Nb3 b5 13. a3 Bc8 14. Bf3 Bb7 15. Qf2 Rac8 16. Rad1 Qb8 17. Qg3 Kh8 18. e5 Ne8 19. Ne4 dxe5 20. Nec5 exf4 21. Bxf4 e5 22. Be3 Bxc5 23. Bxc5 Rg8 24. Bd5 Nd4 25. Bxd4 Bxd5 26. Bxe5 Qb7 27. Nd4 f6 28. Bf4 Be4 29. c3 Qf7 30. Rfe1 f5 31. Nf3 Nf6 32. Ne5 Qe8 33. Qh4 Rf8 34. Rd6 Rc5 35. Nd3 Rc8 36. Be5 Bxd3 37. Bxf6 Be4 38. Bd4 Rc6 39. Qg3 Rg8 40. Rxc6 Qxc6 41. Re2 Qc4 42. Rf2 Qb3 43. h3 Qd1+ 44. Kh2 Qh5 45. Rf4 Qf7 46. Rh4 Rd8 47. Qg5 Qc7+ 48. Kg1 Kg8 49. Qh5 h6 50. Qg6 Rd6 51. Qg3 Qd7 52. Qe1 Rg6 53. g4 fxg4 54. Qxe4 Re6 55. Qxg4 Re1+ 56. Kf2 Qe7 57. Qxg7+ 1-0

[Event "Wch Rapid (Women)"]
[Site "Samarkand"]
[Date "2023.12.26"]
[Round "1"]
[White "Velpula, Sarayu"]
[Black "Mkrtchyan, Mariam"]
[Result "0-1"]
[WhiteElo "2444"]
[BlackElo "2344"]
[PlyCount "58"]
[EventDate "2023.12.26"]
[EventType "swiss (rapid)"]
[EventRounds "11"]
[EventCountry "UZB"]
[SourceTitle "CB01_2024"]
[SourceDate "2024.01.03"]
[SourceVersion "1"]
[SourceVersionDate "2024.01.03"]
[SourceQuality "1"]

1. e4 e5 2. Nf3 Nc6 3. Bb5 a6 4. Ba4 Nf6 5. 0-0 Nxe4 6. d4 b5 7. Bb3 d5 8. dxe5 Be6 9. c3 Bc5 10. Nbd2 0-0 11. Bc2 Nxf2 12. Rxf2 f6 13. Nf1 Bxf2+ 14. Kxf2 fxe5 15. Kg1 Qd7 16. Ng5 Bf5 17. Bxf5 Rxf5 18. Ne3 Rxg5 19. Nxd5 Rxg2+ 20. Kxg2 Rd8 21. Nf6+ gxf6 22. Qh5 Qf7 23. Qh3 Qg6+ 24. Qg3 Rd1 25. Kf2 Kf7 26. Qxg6+ hxg6 27. b3 Ke6 28. h4 Ne7 29. Ke2 Rh1 0-1

[Event "Leca da Palmeira 2nd"]
[Site "Leca da Palmeira"]
[Date "2023.08.03"]
[Round "5"]
[White "Gaponenko, Inna"]
[Black "Velpula, Sarayu"]
[Result "1/2-1/2"]
[WhiteElo "2336"]
[BlackElo "1845"]
[PlyCount "60"]
[EventDate "2023.07.31"]
[EventType "swiss"]
[EventRounds "9"]
[EventCountry "POR"]
[SourceTitle "CBM 215 Extra"]
[Source "ChessBase"]
[SourceDate "2023.09.30"]
[SourceVersion "1"]
[SourceVersionDate "2023.09.30"]
[SourceQuality "1"]

1. d4 Nf6 2. Nf3 g6 3. g3 Bg7 4. Bg2 0-0 5. 0-0 d6 6. b3 c5 7. c4 d5 8. Bb2 dxc4 9. bxc4 cxd4 10. Nxd4 Nc6 11. Nxc6 bxc6 12. Qxd8 Rxd8 13. Bxc6 Rb8 14. Be5 Bh3 15. Bg2 Bxg2 16. Kxg2 Ne4 17. Bxg7 Kxg7 18. f3 Nc5 19. Nc3 Rd4 20. Rfc1 e6 21. Rab1 Rc8 22. Nd1 Rcd8 23. Rb5 Rxd1 24. Rxd1 Rxd1 25. Rxc5 Rd2 26. Kf2 Rxa2 27. Rc7 a5 28. c5 a4 29. Ra7 Rc2 30. Rxa4 Rxc5 1/2-1/2

[Event "Pontevedra op 11th"]
[Site "Pontevedra"]
[Date "2023.07.28"]
[Round "7"]
[White "Vignesh, NR."]
[Black "Velpula, Sarayu"]
[Result "1-0"]
[WhiteElo "2495"]
[BlackElo "1845"]
[PlyCount "53"]
[EventDate "2023.07.24"]
[EventType "swiss"]
[EventRounds "9"]
[EventCountry "ESP"]
[SourceTitle "CBM 215 Extra"]
[Source "ChessBase"]
[SourceDate "2023.09.30"]
[SourceVersion "1"]
[SourceVersionDate "2023.09.30"]
[SourceQuality "1"]

1. Nf3 Nf6 2. g3 g6 3. Bg2 Bg7 4. 0-0 c5 5. c4 0-0 6. d4 d6 7. b3 d5 8. Bb2 dxc4 9. bxc4 cxd4 10. Nxd4 Nc6 11. Nxc6 bxc6 12. Nd2 Qc7 13. Qa4 Rb8 14. Nb3 c5 15. Qa3 Rb4 16. Rac1 Be6 17. Bc3 Rxc4 18. Na5 Rg4 19. f4 g5 20. Be5 Qb6 21. Rb1 Qa6 22. Bb7 Qxe2 23. Rb2 Rxg3+ 24. Qxg3 Qh5 25. Qxg5 Qh3 26. Rg2 Qe3+ 27. Kh1 1-0

[Event "Pontevedra op 11th"]
[Site "Pontevedra"]
[Date "2023.07.25"]
[Round "3"]
[White "Velpula, Sarayu"]
[Black "Martinez Ramirez, Lennis"]
[Result "1/2-1/2"]
[WhiteElo "1845"]
[BlackElo "2426"]
[PlyCount "77"]
[EventDate "2023.07.24"]
[EventType "swiss"]
[EventRounds "9"]
[EventCountry "ESP"]
[SourceTitle "CBM 215 Extra"]
[Source "ChessBase"]
[SourceDate "2023.09.30"]
[SourceVersion "1"]
[SourceVersionDate "2023.09.30"]
[SourceQuality "1"]

1. e4 c6 2. d4 d5 3. e5 Bf5 4. h4 h6 5. g4 Bd7 6. h5 c5 7. c3 Nc6 8. Bh3 e6 9. Ne2 a5 10. 0-0 Nge7 11. Be3 Nc8 12. f4 Nb6 13. Nd2 cxd4 14. Nxd4 Nxd4 15. Bxd4 a4 16. Qe2 Rc8 17. Qf2 Nc4 18. Nxc4 Rxc4 19. Bg2 Qc7 20. b3 Rc6 21. c4 Bc5 22. cxd5 Bxd4 23. Qxd4 exd5 24. Bxd5 Rc3 25. Rf3 Rc2 26. Be4 Bxg4 27. Rg3 Rc1+ 28. Rxc1 Qxc1+ 29. Kh2 Bd7 30. e6 Bxe6 31. f5 Bd7 32. Qxg7 Qd2+ 33. Kh3 Rf8 34. Qe5+ Kd8 35. Rd3 Qc1 36. Qf6+ Ke8 37. Qe5+ Kd8 38. Qf6+ Ke8 39. Qe5+ 1/2-1/2

[Event "Monteolivete op 3rd"]
[Site "Alboraia"]
[Date "2023.07.20"]
[Round "5"]
[White "Mikrut, Dariusz"]
[Black "Velpula, Sarayu"]
[Result "1/2-1/2"]
[WhiteElo "2326"]
[BlackElo "1845"]
[PlyCount "83"]
[EventDate "2023.07.17"]
[EventType "swiss"]
[EventRounds "9"]
[EventCountry "ESP"]
[SourceTitle "CBM 215 Extra"]
[Source "ChessBase"]
[SourceDate "2023.09.30"]
[SourceVersion "1"]
[SourceVersionDate "2023.09.30"]
[SourceQuality "1"]

1. d4 Nf6 2. c4 g6 3. Nc3 Bg7 4. e4 d6 5. Be2 0-0 6. Nf3 Nbd7 7. 0-0 e5 8. Re1 Re8 9. d5 Nc5 10. Bf1 a5 11. g3 Rf8 12. Nh4 Ne8 13. Be3 f5 14. exf5 gxf5 15. f4 e4 16. Bd4 Nf6 17. Bh3 Nd3 18. Re2 Nh5 19. Bxg7 Nxg7 20. Qd2 Qf6 21. Bf1 Nh5 22. Ng2 Rf7 23. Re3 Nc5 24. Ree1 Qh6 25. Be2 Nf6 26. Ne3 Rg7 27. Rf1 Nh5 28. Bxh5 Qxh5 29. Nb5 Nd3 30. Rad1 Qh6 31. Qg2 Qf6 32. Rd2 c6 33. Nc3 Bd7 34. Kh1 Qh6 35. Ne2 Rf8 36. Nc1 Nxc1 37. Rxc1 c5 38. Rc3 Be8 39. Kg1 Qf6 40. Kf2 Bh5 41. Ke1 Bf3 42. Qf2 1/2-1/2

[Event "IND-ch (Women) 49th"]
[Site "Ahmedabad"]
[Date "2023.07.06"]
[Round "7"]
[White "Velpula, Sarayu"]
[Black "Arpita, Mukherjee"]
[Result "1-0"]
[WhiteElo "1845"]
[BlackElo "2079"]
[PlyCount "87"]
[EventDate "2023.06.30"]
[EventType "swiss"]
[EventRounds "11"]
[EventCountry "IND"]
[SourceTitle "CBM 215 Extra"]
[Source "ChessBase"]
[SourceDate "2023.09.30"]
[SourceVersion "1"]
[SourceVersionDate "2023.09.30"]
[SourceQuality "1"]

1. e4 c5 2. Nf3 d6 3. d4 cxd4 4. Nxd4 Nf6 5. Nc3 a6 6. Bg5 e6 7. f4 h6 8. Bh4 Qb6 9. a3 Be7 10. Bf2 Qc7 11. Qf3 Nbd7 12. 0-0-0 b5 13. g4 Bb7 14. h4 Nc5 15. Bd3 Nxd3+ 16. Rxd3 d5 17. e5 Ne4 18. Qe3 b4 19. axb4 Bxb4 20. Be1 Bxc3 21. Bxc3 Rc8 22. Re1 Bc6 23. Bb4 Ba4 24. Ra3 Qd7 25. b3 Bb5 26. Kb2 Qb7 27. c3 Qb6 28. f5 Rb8 29. fxe6 fxe6 30. Ba5 Qc5 31. Nxe6 Qxe3 32. Rxe3 Kd7 33. Nd4 Rhf8 34. Ra1 Rf2+ 35. Ka3 Re8 36. c4 Rxe5 37. cxb5 axb5 38. Rc1 g6 39. Rc7+ Ke8 40. Nxb5 Re6 41. Ra7 Kf8 42. Nc7 Re5 43. Nxd5 Rg2 44. Bb4+ 1-0